Normal view
MARC view
- Moncy, S Akkara
Entry Personal Name
001 - CONTROL NUMBER
- control field: 4722
003 - CONTROL NUMBER IDENTIFIER
- control field: OSt
005 - DATE AND TIME OF LATEST TRANSACTION
- control field: 20200824145357.0
008 - FIXED-LENGTH DATA ELEMENTS
- fixed length control field: 200824|| aca||aabn | a|a d
040 ## - CATALOGING SOURCE
- Original cataloging agency: OSt
- Transcribing agency: OSt
100 ## - HEADING--PERSONAL NAME
- Personal name: Moncy, S Akkara
670 ## - SOURCE DATA FOUND
- Source citation: Work cat.: (OSt): Malavika, V. K 4721, Standardization of irrigation and fertigation requirent for amaranthus under poly house, 2020
